000 00467nam a22001817a 4500
999 _c3768
_d3725
008 190817b o|||| |||| 00| | eng d
020 _a9786051030678
041 _atur
050 _a PL248.E76
100 _91468
_aEroğlu, Mehmet
245 _aEdebi Aforizmalar
250 _a1.Basım
260 _aİstanbul:
_bAgora Kitaplığı,
_cNisan 2010
300 _a276 Sayfa
500 _aTürkçe Edebiyat ; 38
650 0 _9145
_aTürk Edebiyatı
942 _2lcc
_cBK